000
00324nam a2200133Ia 4500
008
230917s9999||||xx |||||||||||||| ||und||
040
_e
156562
_a
MAIN
041
_a
English
082
_a
332.6 C817C
100
_a
Harjit Singh
245
0
_a
Corporate restructuring through disinvestment
300
_a
229 p.
942
_c
TH
999
_c
124761
_d
124761